Stromové aleje namiesto stĺporadia reklamných plôch

S Prof. Ing. Arch. Bohumilom Kováčom, PhD vedúcim ústavu urbanizmu a územného plánovania Fakulty architektúry Slovenskej technickej univerzity v Bratislave. Vegetácia v centrách miest a úloha urbanizácie miest. Koncepcia plánovania zelene a "zelených" plôch. Výstavba a územné plánovanie.

Guardado en:
Detalles Bibliográficos
Autor principal: Krištofičová, Dagmar
Otros Autores: Kováč, Bohumil
Formato: Capítulo de libro
Lenguaje:eslovaco
Materias:
Etiquetas: Agregar Etiqueta
Sin Etiquetas, Sea el primero en etiquetar este registro!

MARC

LEADER 00000naa$a2200000$$$4500
001 0116055
005 20231005102522.5
041 0 |a slo 
044 |a SK 
245 1 0 |a Stromové aleje namiesto stĺporadia reklamných plôch  |c Dagmar Krištofičová, Bohumil Kováč 
520 |a S Prof. Ing. Arch. Bohumilom Kováčom, PhD vedúcim ústavu urbanizmu a územného plánovania Fakulty architektúry Slovenskej technickej univerzity v Bratislave. Vegetácia v centrách miest a úloha urbanizácie miest. Koncepcia plánovania zelene a "zelených" plôch. Výstavba a územné plánovanie. 
610 2 0 |a urbanizácia 
610 2 0 |a mestá 
610 2 0 |a plán územný 
610 2 0 |a plánovanie územné 
610 2 0 |a usporiadanie krajiny 
610 2 0 |a aglomerácie mestské 
610 2 0 |a prostredie životné 
610 2 0 |a zodpovednosť spoločenská 
610 2 0 |a rozvoj trvalo udržateľný 
100 1 |a Krištofičová, Dagmar 
700 1 |a Kováč, Bohumil